Normal view MARC view
  • Architectural design

Entry Topical Term

Number of records used in: 1

001 - CONTROL NUMBER

  • control field: 37723

003 - CONTROL NUMBER IDENTIFIER

  • control field: OSt

005 - DATE AND TIME OF LATEST TRANSACTION

  • control field: 20150427113050.0

008 - FIXED-LENGTH DATA ELEMENTS

  • fixed length control field: 150427|| aca||babn | a|a d

040 ## - CATALOGING SOURCE

  • Original cataloging agency: OSt

150 ## - HEADING--TOPICAL TERM

  • Topical term or geographic name as entry element: Architectural design
  • General subdivision: Methodology